Historia de la Bolsa de Madrid / (Record no. 135505)

MARC details
000 -LEADER
campo de control de longitud fija 00601nam a2200181 i 4500
001 - NÚMERO DE CONTROL
campo de control 135505
003 - IDENTIFICADOR DE NÚMERO DE CONTROL
campo de control ES-MaACL
007 - CAMPO FIJO DE DESCRIPCIÓN FÍSICA--INFORMACIÓN GENERAL
campo de control de longitud fija t|
008 - DATOS DE LONGITUD FIJA--INFORMACIÓN GENERAL
campo de control de longitud fija 070719s1974 sp ||||1| spa d
020 ## - NÚMERO INTERNACIONAL ESTÁNDAR DEL LIBRO
Número Internacional Estándar del Libro 84-400-7914-1(0.comp1.)
100 1# - ENTRADA PRINCIPAL--NOMBRE DE PERSONA
Nombre de persona Torrente Fortuño, José Antonio.
9 (RLIN) 110853
245 10 - MENCIÓN DEL TÍTULO
Título Historia de la Bolsa de Madrid /
Mención de responsabilidad, etc. José Antonio Torrente Fortuño.
250 ## - MENCION DE EDICION
Mención de edición [1ª ed.].
260 ## - PUBLICACIÓN, DISTRIBUCIÓN, ETC.
Lugar de publicación, distribución, etc. Madrid :
Nombre del editor, distribuidor, etc. Colegio de Agentes de Cambio y Bolsa,
Fecha de publicación, distribución, etc. 1974.
300 ## - DESCRIPCIÓN FÍSICA
Extensión 3 v. :
Otras características físicas il. ;
Dimensiones 31 cm.
710 2# - ENTRADA AGREGADA--NOMBRE DE ENTIDAD CORPORATIVA
Nombre de entidad corporativa o nombre de jurisdicción como elemento de entrada Colegio de Agentes de Cambio y Bolsa (Madrid)
9 (RLIN) 2897
852 ## - LOCALIZACIÓN
Ubicación ES-MaACL
Número de control de estantería L-8475-7
Sublocalización o colección R.110346
Holdings
Estatus retirado Estado de pérdida Estado de daño No para préstamo Biblioteca de origen Biblioteca actual Ubicación en estantería Fecha de adquisición Fuente de adquisición Total de préstamos Signatura topográfica completa Código de barras Visto por última vez Precio de reemplazo Tipo de ítem Koha
        Biblioteca del Ateneo de Madrid Biblioteca del Ateneo de Madrid Depósito 2 17/01/2008     L-8475-7 1141032 23/02/2023 23/02/2023 Libro impreso